000 00425nam a2200169 a 4500
001 0000-9257
003 ELIB.Books
008 110520 1952
035 _a(ELIB.Books)0000-9409
082 _a248.2
_bWes
100 _aWestervelt, Josephine Hope
245 _aWhat Great Things
260 _bChicago; Moody Press
_c1952
650 _aChristian Life
942 _2ddc
_cBK
998 _cbat
_e2011-05-20
999 _c9257
_d9257